000 00354nam a2200145Ia 4500
008 191201s2005 xx 000 0 und d
082 _a658
_bCHK
100 _aCHAUDHRY, Harish
245 0 _aKnowledge Management For Competitive Advantage
250 _a1st
260 _aN.Delhi
_bExcel Books
_c2005
300 _a160
650 _aMBA
942 _2ddc
_cBK
999 _c2695
_d2695